00719nam a2200193 a 450000100100000000500170001000800410002702000180006804000250008608200150011110000470012624500840017326000400025730000280029750400330032570000370035895201130039599900170050800004121320201002034719.0130926s2005 dr a 000 0 spa d a9789945130034 aDO-SdBNPbspacBNPHU axxxxbxxxx1 aCollado Anico, Aulio José,d1947-96778713aEl fui de los viejos /cAulio José Collado Anico ; prólogo Fausto Váldez. aSanto Domingo, :bMediabyte,c2005. a333 p. :bil. ;c24 cm. aBibliografías : p. 325-3331 aVáldez, Faustoepról.967788 0010718PDaPDbPDcHDd2013-09-26iLF1l0oxxxx xxxxp41213-10r2020-06-25w2020-06-25yLFPDZNo se presta c40703d40703